000 00388nam a2200157Ia 4500
005 20241016061847.0
008 240331s9999 xx 000 0 und d
020 _a9559068016
082 _bDEZ
_a821
100 _aDeZoysa, R
245 0 _aThis other eden :
_bThe collected poems
260 _aColombo
_bThe English Association
_c1990
300 _a32 p .,
650 _aPoems
942 _cL
999 _c3352
_d3352